ბათუმის შოთა რუსთაველის სახელმწიფო უნივერსიტეტის ბიბლიოთეკა

The Holy Thief.The Nineteenth Chronicle of Brother Cadfael. (ბიბ.ჩანაწერი № 46125)

000 -LEADER
fixed length control field 00530nam a2200205Ia 4500
001 - CONTROL NUMBER
control field 12956
003 - CONTROL NUMBER IDENTIFIER
control field GE_BSU
008 - FIXED-LENGTH DATA ELEMENTS--GENERAL INFORMATION
fixed length control field 181216s||||||||xx |||||||||||||| ||und||
020 ## - INTERNATIONAL STANDARD BOOK NUMBER
International Standard Book Number 075150372X.
040 ## - CATALOGING SOURCE
Transcribing agency GE_BSU
080 ## - UNIVERSAL DECIMAL CLASSIFICATION NUMBER
Universal Decimal Classification number 821.111-312.4
100 ## - MAIN ENTRY--PERSONAL NAME
Personal name Peters,Ellis.
245 #4 - TITLE STATEMENT
Title The Holy Thief.The Nineteenth Chronicle of Brother Cadfael.
260 ## - PUBLICATION, DISTRIBUTION, ETC.
Place of publication, distribution, etc. London.
260 ## - PUBLICATION, DISTRIBUTION, ETC.
Name of publisher, distributor, etc. warner Futura.
260 ## - PUBLICATION, DISTRIBUTION, ETC.
Date of publication, distribution, etc. 1992
300 ## - PHYSICAL DESCRIPTION
Extent 274p;18cm.
653 ## - INDEX TERM--UNCONTROLLED
Uncontrolled term The Holy Thief.The Nineteenth Chronicle of Brother Cadfael.
942 ## - ADDED ENTRY ELEMENTS (KOHA)
Koha item type წიგნი
ეგზემპლარები
Withdrawn status Lost status Damaged status Not for loan Date acquired Barcode Date last seen Price effective from Koha item type
        2018-12-17 36406 2018-12-17 2018-12-17 წიგნი